[Event "4th IECC"]
[Site "Istanbul TUR"]
[Date "2003.05.31"]
[Round "2"]
[White "Nedev,T"]
[Black "Ataman,A"]
[Result "1-0"]
[WhiteElo "2518"]
[BlackElo "2161"]

1.e4 c5 2.Nf3 Nc6 3.Bb5 g6 4.Bxc6 dxc6 5.d3 Bg7 6.h3 Nf6 7.Nc3 Nd7 8.Be3 e5
9.Qd2 Qe7 10.Bh6 Bxh6 11.Qxh6 f6 12.Nh4 Nf8 13.O-O-O Be6 14.Rhf1 O-O-O 15.f4 exf4
16.Qxf4 Nd7 17.Nf3 Rhf8 18.Rde1 Bg8 19.g4 Ne5 20.Qe3 b6 21.Rf2 Kb7 22.Ref1 Rfe8
23.a3 Rd6 24.Nxe5 fxe5 25.b3 Red8 26.Kb2 Qe6 27.Qg5 Re8 28.Nb1 b5 29.Nd2 Qd7
30.Nf3 Qe7 31.Qxe7+ Rxe7 32.Ng5 h6 33.Nf7 Rdd7 34.Nxh6 Be6 35.Rf6 c4 36.bxc4 bxc4
37.Kc3 cxd3 38.cxd3 Rd4 39.Nf7 Bxf7 40.Rxf7 Rdd7 41.Rxe7 Rxe7 42.Rf6 Rh7
43.Rxg6 Rxh3 44.Kc4 Kb6 45.a4 a5 46.Rg5 Rg3 47.Rxe5 Rxg4 48.Re8 Rg1 49.e5 Ra1
50.Rb8+ Kc7 51.Rf8 Rc1+ 52.Kd4 Re1 53.Rf7+ Kb6 54.Rf4 Kc7 55.Re4 Ra1 56.Ke3 Kd7
57.Rc4 Rd1 58.Rc5 Ke6 59.Rxa5 Ra1 60.Kd4 Ra3 61.Ra6 Kd7 62.Kc4 Ra1 63.Ra7+ Ke6
64.d4 Rc1+ 65.Kb4 Rb1+ 66.Kc5 Rc1+ 67.Kb6 c5 68.dxc5 Kxe5 69.Re7+  1-0

[Event "IEWCC"]
[Site "Istanbul TUR"]
[Date "2003.06.02"]
[Round "1"]
[White "Mar,K"]
[Black "Lomineishvili,M"]
[Result "0-1"]
[WhiteElo "2236"]
[BlackElo "2397"]

1.e4 c5 2.Nf3 Nc6 3.Bb5 g6 4.O-O Bg7 5.Re1 e5 6.c3 Nge7 7.d3 O-O 8.Ba4 d6
9.Nbd2 h6 10.Nf1 f5 11.Ne3 f4 12.Bb3+ Kh8 13.Nd5 g5 14.Nxg5 Nxd5 15.exd5 Qxg5
16.dxc6 bxc6 17.Kh1 Qh4 18.Qe2 f3 19.gxf3 Bg4 20.fxg4 Rxf2 21.Qxf2 Qxf2 22.Be3 Qf3+
23.Kg1 Qxg4+ 24.Kh1 Qf3+ 25.Kg1 Bf6 26.Bf2 d5 27.Bg3 Rg8 28.Rf1 Rxg3+ 29.hxg3 Qxg3+
30.Kh1 Bg5 31.Rae1 Qh3+ 32.Kg1 Be3+  0-1

[Event "Golden Cleopatra"]
[Site "Cairo EGY"]
[Date "2003.06.03"]
[Round "3"]
[White "Alqudaimi,B"]
[Black "Yousry,S"]
[Result "0-1"]
[WhiteElo "2385"]
[BlackElo "2284"]

1.e4 c5 2.Nf3 Nc6 3.Bb5 g6 4.Bxc6 dxc6 5.d3 Bg7 6.Nc3 Nf6 7.h3 Nd7 8.Be3 e5
9.a4 b6 10.Qd2 Qe7 11.O-O h6 12.Nh2 g5 13.a5 b5 14.Ne2 Nf8 15.Qc3 Ne6 16.b4 h5
17.Ng3 Nd4 18.Bxd4 exd4 19.Qxc5 Qxc5 20.bxc5 g4 21.hxg4 hxg4 22.Nf5 Bxf5
23.exf5 Rh5 24.Rae1+ Kd7 25.Nxg4 Rxf5 26.f4 Rxc5 27.f5 Re8 28.f6 Bf8 29.Rxe8 Kxe8
30.Re1+ Kd8 31.Ne5 Rxc2 32.Nxf7+ Kd7 33.Ne5+ Ke6 34.Nxc6+ Kxf6 35.Rf1+ Kg7
36.Nxa7 b4 37.Nb5 Ra2 38.Nc7 Kg8 39.Ne6 Bh6 40.Rf5 b3 41.Rb5 b2 42.Kh2 Bc1
43.Nxd4 Ra1 44.a6 b1=Q 45.Rxb1 Rxb1 46.a7 Ra1 47.Nb5  0-1

[Event "IEWCC"]
[Site "Istanbul TUR"]
[Date "2003.06.03"]
[Round "2"]
[White "Zimina,O"]
[Black "Kosintseva,T"]
[Result "0-1"]
[WhiteElo "2358"]
[BlackElo "2457"]

1.e4 c5 2.Nf3 Nc6 3.Bb5 g6 4.Bxc6 dxc6 5.d3 Bg7 6.h3 Nf6 7.Nc3 O-O 8.Be3 b6
9.Qd2 e5 10.Bh6 Qd6 11.O-O-O Be6 12.Bxg7 Kxg7 13.Kb1 b5 14.g4 a5 15.Ne2 Nd7
16.Nh4 f6 17.f4 Bf7 18.Ng3 Qe6 19.b3 exf4 20.Qxf4 a4 21.g5 axb3 22.axb3 Ra3
23.Rdf1 c4 24.gxf6+ Kh8 25.Qh6 Rg8 26.Nf3 Qxf6 27.e5 Qg7 28.Qxg7+ Kxg7 29.Kb2 Rga8
30.dxc4 bxc4 31.Rd1 Nc5 32.Nd4 cxb3 33.cxb3 Nxb3 34.Nge2 Ra2+ 35.Kc3 Nxd4
36.Nxd4 R8a3+ 37.Kb4 Bd5 38.Rhe1 Kf7 39.Kc5 Ke7 40.Nxc6+ Bxc6 41.Kxc6 Rc2+
42.Kd5 Rxh3 43.Ra1 Rc7 44.Ra6 Rd7+ 45.Rd6 Rd3+ 46.Kc6 Rc3+ 47.Kd5 Rdc7 48.Re6+ Kf7
49.Rf1+ Kg7 50.Rd6 Re7 51.e6 Rd3+ 52.Kc6 Re3 53.Kd5 h5 54.Ra6 h4 55.Rh1 g5
56.Rd6 Kg6 57.Rd8 Rd3+ 58.Ke5 Rxd8 59.Rf1 Rde8 60.Rf6+ Kh5 61.Kf5 Rxe6 62.Rf7 Re5+
63.Kf6 R8e6+ 64.Kg7 Re7  0-1

[Event "IEWCC"]
[Site "Istanbul TUR"]
[Date "2003.06.03"]
[Round "2"]
[White "Cinar,N"]
[Black "Galojan,L"]
[Result "0-1"]
[WhiteElo "2090"]
[BlackElo "2242"]

1.e4 c5 2.Nf3 Nc6 3.Bb5 g6 4.Bxc6 dxc6 5.d3 Bg7 6.h3 Nf6 7.Be3 Nd7 8.c3 e5
9.Nbd2 Qe7 10.Nc4 O-O 11.Qd2 Nb6 12.Na5 Rd8 13.Qe2 Nd7 14.O-O-O Nf8 15.g4 Qe6
16.Nb3 b6 17.Rhg1 a5 18.c4 Qe7 19.a3 a4 20.Nbd2 b5 21.cxb5 cxb5 22.Kb1 Ne6
23.Rc1 Ba6 24.Ne1 h6 25.Qd1 Rac8 26.Ka1 Nf4 27.Nb1 Nxh3 28.Rh1 Nf4 29.Nc3 c4
30.Nd5 Nxd5 31.exd5 e4 32.d4 Rxd5 33.Nc2 g5  0-1

[Event "Golden Cleopatra"]
[Site "Cairo EGY"]
[Date "2003.06.05"]
[Round "5"]
[White "Zayan,O"]
[Black "Kamel,Mah"]
[Result "1/2-1/2"]
[WhiteElo "2163"]
[BlackElo "2159"]

1.e4 c5 2.Nf3 Nc6 3.Bb5 Qc7 4.O-O e6 5.Re1 d6 6.c3 a6 7.Bxc6+ bxc6 8.d4 cxd4
9.cxd4 Nf6 10.Nc3 Be7 11.Bf4 O-O 12.Qc2 Nh5 13.Be3 f5 14.exf5 Rxf5 15.Nd2 Rf7
16.Nf1 Bd7 17.Ng3 Nxg3 18.hxg3 Raf8 19.Bf4 Qa5 20.Re2 Qh5 21.Rae1 g5 22.Bd2 Rf6
23.f3 Rh6 24.Kf2 d5 25.Qd3 Bd6 26.Re5 Bxe5 27.Rxe5 Rg6 28.Qxa6 h6 29.Na4 Rgf6
30.Kg1 Qg6 31.Nc5 Bc8 32.Qxc6 g4 33.f4 Qb1+ 34.Kh2 Qxb2 35.Be3 Qxa2 36.Rh5 Qe2
37.Re5 Qc2 38.Qc7 Qg6 39.Bd2 Rf5 40.Bb4 Rxe5 41.dxe5 Qf7 42.Qb6 Re8 43.Nb3 h5
44.Nd4 Qb7 45.Qc5 Kg7 46.Nb5  1/2-1/2

[Event "IEWCC"]
[Site "Istanbul TUR"]
[Date "2003.06.05"]
[Round "4"]
[White "Klinova,M"]
[Black "Kovalevskaya,E"]
[Result "1-0"]
[WhiteElo "2368"]
[BlackElo "2447"]

1.e4 c5 2.Nf3 Nc6 3.Bb5 g6 4.O-O Bg7 5.Bxc6 bxc6 6.Re1 Nh6 7.c3 O-O 8.d4 cxd4
9.cxd4 f6 10.b3 d6 11.h3 Nf7 12.Bb2 Re8 13.Nbd2 Bd7 14.Rc1 Rc8 15.Rc2 Qa5
16.Qa1 Qh5 17.e5 Bf5 18.g4 Bxg4 19.hxg4 Qxg4+ 20.Kf1 Qh3+ 21.Ke2 dxe5 22.dxe5 Rcd8
23.Rc4 Nxe5 24.Bxe5 fxe5 25.Qb1 Rf8 26.Qe4 Qh5 27.Qg4 Qxg4 28.Rxg4 Rf4 29.Rg2 a5
30.a4 Rb4 31.Rc1 Rb6 32.Rg4 Bh6 33.Ng5 Rd5 34.Rh1 Bxg5 35.Rxg5 Rb4 36.Rh3 e4
37.Rhg3 Kg7 38.R5g4 Rbd4 39.Nxe4 Re5 40.f3 Rb4 41.Rg5 Rd5 42.Nd2 e5 43.R5g4 Rb6
44.Rg1 Rc5 45.Kd3 Rb7 46.Rc4 Rd5+ 47.Ke2 Rbd7 48.Ne4 Rb7 49.Rxc6 Rxb3 50.Rc7+ Kf8
51.Rxh7 Rb2+ 52.Ke3 Rb3+ 53.Kf2 Rdd3 54.Ng5 e4 55.Rc1 e3+ 56.Kg3 Rbc3 57.Rch1 e2
58.Rb7 Kg8 59.Re7 Re3 60.Rxe3 Rxe3 61.Kf2 Ra3 62.Rh4 Ra2 63.Re4 Kg7 64.Ne6+ Kf6
65.Nf4 g5 66.Nxe2 Kg6 67.Kg3 Ra3 68.Rc4 Kh5 69.Nc3  1-0

[Event "IEWCC"]
[Site "Istanbul TUR"]
[Date "2003.06.05"]
[Round "4"]
[White "Stiri,A"]
[Black "Tkeshelashvili,S"]
[Result "0-1"]
[WhiteElo "2178"]
[BlackElo "2293"]

1.e4 c5 2.Nf3 Nc6 3.Bb5 g6 4.c3 Bg7 5.d4 cxd4 6.cxd4 Qb6 7.Nc3 e6 8.d5 Bxc3+
9.bxc3 Qxb5 10.dxc6 bxc6 11.Qd4 Ba6 12.Qe3 Nf6 13.a4 Qd3 14.Qxd3 Bxd3 15.e5 Nd5
16.Bh6 Rb8 17.Rd1 Ba6 18.Rc1 Rb2 19.c4 Nb6 20.Nd2 Nxa4 21.Ne4 Kd8 22.Nd6 Kc7
23.Nxf7 Rhb8 24.O-O R8b4 25.Nd6 Nb6 26.Ra1 Ra4 27.c5 Bxf1 28.cxb6+ Kxb6 29.Be3+ c5
30.Rxf1 Rc2 31.h3 a5 32.Nc8+ Kc6 33.Ne7+ Kb5 34.Rd1 Re4 35.Rxd7 Rxe5 36.Rb7+ Ka6
37.Rb8 a4 38.Ra8+ Kb5 39.Rb8+ Kc4 40.Nc6 Rd5 41.Ra8 Kb3 42.Na5+ Ka2 43.Nc6 a3
44.Ra5 Kb2 45.Bh6 c4 46.Ra8 a2 47.Nb4 Rd1+ 48.Kh2 a1=Q 49.Rxa1 Rxa1 50.Bg7+ c3
51.Nxc2 Kxc2  0-1

[Event "IEWCC"]
[Site "Istanbul TUR"]
[Date "2003.06.05"]
[Round "4"]
[White "Sedina,E"]
[Black "Bosboom Lanchava,T"]
[Result "1/2-1/2"]
[WhiteElo "2434"]
[BlackElo "2329"]

1.e4 c5 2.Nf3 Nc6 3.Bb5 e6 4.O-O Nge7 5.Re1 Qc7 6.c3 a6 7.Bxc6 Nxc6 8.d4 cxd4
9.cxd4 b5 10.d5 Ne5 11.Nxe5 Qxe5 12.Nd2 Bb7 13.Nf3 Qb8 14.b3 Be7 15.Bb2 O-O
16.Ne5 Bd6 17.Ng4 f6  1/2-1/2

[Event "IV Open"]
[Site "Lido Estensi ITA"]
[Date "2003.06.06"]
[Round "1"]
[White "Barletta,A"]
[Black "Efimov,I"]
[Result "0-1"]
[WhiteElo "2070"]
[BlackElo "2477"]

1.e4 c5 2.Nf3 Nc6 3.Bb5 e6 4.Bxc6 bxc6 5.d3 Qc7 6.b3 e5 7.Nbd2 d6 8.h3 Be7
9.Nc4 f5 10.O-O Nf6 11.exf5 Bxf5 12.Nh4 Be6 13.f4 e4 14.dxe4 Nxe4 15.Qe1 d5
16.Bb2 O-O 17.Be5 Qd7 18.Ne3 g5 19.f5 gxh4 20.fxe6 Qxe6 21.Bb2 Bg5 22.Qe2 Ng3  0-1

[Event "Master Open"]
[Site "Ploiesti ROM"]
[Date "2003.06.06"]
[Round "8"]
[White "Milea,F"]
[Black "Barbu,N"]
[Result "0-1"]
[WhiteElo "2101"]
[BlackElo "2230"]

1.e4 c5 2.Nf3 Nc6 3.Bb5 d6 4.O-O Bg4 5.h3 Bh5 6.Re1 e6 7.Nc3 Ne7 8.g4 Bg6
9.d4 cxd4 10.Nxd4 a6 11.Bg5 Qb6 12.Ba4 O-O-O 13.Bxc6 bxc6 14.Na4 Qc7 15.Qd3 Kb7
16.c4 c5 17.Nc2 f6 18.Bd2 Nc6 19.f4 h5 20.b4 hxg4 21.hxg4 d5 22.cxd5 Rxd5
23.Qc3 cxb4 24.Rab1 Rb5 25.Nxb4 Bxb4 26.Nc5+ Bxc5+ 27.Qxc5 Qb6 28.Rxb5 axb5
29.Qxb6+ Kxb6 30.f5 Bf7 31.Be3+ Kc7 32.Rc1 e5 33.a3 Rh4 34.Kf2 Rh2+ 35.Kg3 Ra2
36.Bc5 Rb2 37.Rc3 Rb3 38.Rxb3 Bxb3 39.Bf8 Kd7 40.Bxg7 Ke7 41.Bh6 Na5 42.g5 Nc4
43.g6 Nxa3 44.Be3 Nc4 45.Bc5+ Kd7 46.Kh4 Nd2 47.Kh5 Nxe4 48.Bb4 Ng3+ 49.Kh6 Nxf5+
50.Kh7 Kc6 51.g7 Nd4 52.Kg6 Nc2 53.Bc3 b4 54.Bb2 e4 55.Bxf6 e3 56.Kf5 e2
57.Bh4 e1=Q 58.Bxe1 Nxe1  0-1

[Event "IV Open"]
[Site "Lido Estensi ITA"]
[Date "2003.06.07"]
[Round "2"]
[White "Voltolini,G"]
[Black "Skembris,S"]
[Result "1/2-1/2"]
[WhiteElo "2264"]
[BlackElo "2448"]

1.e4 c5 2.Nf3 Nc6 3.Bb5 Nf6 4.Nc3 d6 5.d4 cxd4 6.Nxd4 Bd7 7.O-O g6 8.Nb3 Bg7
9.Bg5 O-O 10.Qd2 a6 11.Be2 b5 12.a3 Be6 13.Bh6 Bxh6 14.Qxh6 Bxb3 15.cxb3 Nd4
16.Rae1 Nxb3 17.Rd1 Qb6 18.Rd3 Nd4 19.Bd1 Rfb8 20.Rh3 e6 21.g4 Nc6 22.g5 Nd7
23.Kh1 Qd4 24.f4 Qg7 25.Qh4 b4 26.axb4 Rxb4 27.Ba4 Rc8 28.Qe1 Qd4 29.f5 Rxa4
30.fxe6 fxe6 31.Qh4 Nf8 32.Qh6 Qa7 33.Rhf3 Qe7 34.Nxa4 Ne5 35.Rf4 Nfd7 36.Qh3 Rb8
37.R4f2 Rb4 38.Nc3 Rd4 39.Rd1 Rxd1+ 40.Nxd1 Nc5 41.Qg2 Nf7 42.h4 Ne5 43.Nc3 h6
44.Rd2 a5 45.Rd1 Nf7 46.Ra1 hxg5 47.Rxa5 Qf6 48.hxg5 Nxg5 49.b4 Qh8+ 50.Kg1 Nh3+
51.Kh1 Nf2+ 52.Kg1 Nh3+ 53.Kh1 Nf2+ 54.Kg1  1/2-1/2

[Event "IV Open"]
[Site "Lido Estensi ITA"]
[Date "2003.06.07"]
[Round "2"]
[White "Opacic,A"]
[Black "Plachkinova,T"]
[Result "1/2-1/2"]
[WhiteElo "2063"]
[BlackElo "2171"]

1.e4 c5 2.Nf3 Nc6 3.Bb5 e6 4.O-O Nge7 5.Re1 a6 6.Bf1 Ng6 7.d4 cxd4 8.Nxd4 Be7
9.c4 O-O 10.Nc3 Qc7 11.Be3 b6 12.Rc1 Bb7 13.Nd5 exd5 14.cxd5 Bf6 15.dxc6 dxc6
16.Qb3 c5 17.f3 Be5 18.h3 Rad8 19.Nf5 Bc8 20.Bg5 Rde8 21.a4 h6 22.Be3 Be6
23.Qc2 a5 24.Bf2 Bf4 25.Rcd1 Rd8 26.Ne3 Ne7 27.Bc4 Bxc4 28.Nxc4 Nc6 29.Bh4 Rxd1
30.Rxd1 Nd4 31.Qd3 g5 32.Bf2 Rd8 33.Kf1 Qc6 34.b3 Qf6 35.e5 Bxe5 36.Qe4 Bc7
37.Ne3 Kg7 38.Nd5 Qe5 39.Bxd4 cxd4 40.Nxc7 Qxc7 41.h4 Qf4 42.hxg5 Qxe4 43.gxh6+ Kxh6
44.fxe4 Kg5 45.Ke2 Kf4 46.Kd3 Ke5 47.Rf1 f6 48.Rf5+ Ke6 49.g4 Rd6 50.Rb5 Kf7
51.Rd5 Rc6 52.Kxd4 Rc1 53.Rb5 Rd1+ 54.Ke3 Re1+ 55.Kf3 Rf1+ 56.Ke2 Rg1 57.Rxb6 Rxg4
58.Ke3 Rg3+ 59.Kd4 Rg4 60.Rb5 Rg3 61.Kc4 Re3 62.Kd4 Rf3 63.Kd5 Rd3+ 64.Kc6 Re3
65.Rb7+ Ke6 66.Rb5 Rxe4 67.Rxa5 f5 68.Rc5 f4 69.Rc1 f3 70.Rf1 Rf4 71.a5 Ke5
72.a6 Rf6+ 73.Kb5 Ke4 74.a7 Rf5+ 75.Kb4 Rf8 76.Ka5 Rf5+ 77.Ka4 Rf8 78.Kb5 Rf5+
79.Kc6 Rf6+ 80.Kb5 Rf5+ 81.Kb4 Rf8  1/2-1/2

[Event "3rd Zurich Lake Plaza Open"]
[Site "Pfaeffikon SUI"]
[Date "2003.06.07"]
[Round "4"]
[White "Pikula,D"]
[Black "Hobuss,U"]
[Result "1-0"]
[WhiteElo "2478"]
[BlackElo "2409"]

1.e4 c5 2.Nf3 Nc6 3.Bb5 g6 4.Bxc6 bxc6 5.O-O Bg7 6.c3 Nh6 7.d4 Qb6 8.h3 O-O
9.Re1 d6 10.Na3 f6 11.Nc4 Qa6 12.b3 cxd4 13.cxd4 Be6 14.d5 Bd7 15.Nd4 Nf7
16.f4 Qc8 17.Bb2 c5 18.Nf3 g5 19.fxg5 fxg5 20.Bxg7 Kxg7 21.e5 g4 22.hxg4 Bxg4
23.exd6 exd6 24.Re7 Qd8 25.Qe1 Bxf3 26.gxf3 Rg8 27.Kf2 Kf8 28.Rxf7+ Kxf7
29.Qe6+ Kg7 30.Rh1 Rf8 31.Qh6+ Kf7 32.Qxh7+  1-0

[Event "IEWCC"]
[Site "Istanbul TUR"]
[Date "2003.06.08"]
[Round "6"]
[White "Petrenko,S"]
[Black "Kovalevskaya,E"]
[Result "0-1"]
[WhiteElo "2348"]
[BlackElo "2447"]

1.e4 c5 2.Nf3 Nc6 3.Bb5 e6 4.O-O Nge7 5.Re1 a6 6.Bxc6 Nxc6 7.Nc3 d6 8.d4 cxd4
9.Nxd4 Be7 10.Be3 O-O 11.a4 Qc7 12.Qe2 Bd7 13.Rad1 Rac8 14.Qf3 Ne5 15.Qg3 Kh8
16.Kh1 Nc4 17.Bc1 Nb6 18.a5 Nc4 19.b4 Qd8 20.Rf1 b6 21.axb6 Qxb6 22.Na2 Bf6
23.Nb3 Bc6 24.Rfe1 Qb7 25.f3 Qe7 26.Qf2 Ba8 27.Bf4 Rfd8 28.c3 Qe8 29.Bg3 Qa4
30.Nd4 d5 31.exd5 Rxd5 32.Nc1 e5 33.Ndb3 Rxd1 34.Rxd1 e4 35.fxe4 Bxe4 36.Qe2 Qc6
37.Re1 Bd5 38.Nd4 Bxd4 39.cxd4 f6 40.Nd3 Kg8 41.Nf4 Bf7 42.Qg4 Re8 43.Rxe8+ Qxe8
44.h4 Ne3 45.Qf3 Nf5 46.Bf2 Nd6 47.d5 g5 48.hxg5 fxg5 49.Nd3 Qe7 50.Qf5  0-1

[Event "IEWCC"]
[Site "Istanbul TUR"]
[Date "2003.06.08"]
[Round "6"]
[White "Makropoulou,M"]
[Black "Ozturk,K"]
[Result "1-0"]
[WhiteElo "2234"]
[BlackElo "1948"]

1.e4 c5 2.Nf3 Nc6 3.Bb5 d6 4.O-O g6 5.Re1 e5 6.c3 Bg7 7.d4 cxd4 8.cxd4 Bd7
9.Nc3 a6 10.Bg5 Qa5 11.Bxc6 Bxc6 12.dxe5 dxe5 13.Nd5 f6 14.b4 Qd8 15.Be3 Bxd5
16.exd5 Ne7 17.d6 Nf5 18.Bc5 Qd7 19.Qb3 Rb8 20.b5 Rc8 21.bxa6 bxa6 22.Ba3 a5
23.Rad1 a4 24.Qd5 Rd8 25.h3 Qf7 26.Qc6+ Qd7 27.Qc4 Rc8 28.Qd5 Rd8 29.Re2 Qe6
30.Qc6+ Qd7 31.Qc4 Rc8 32.Qd5 Rf8 33.g4 Nh6 34.Nd4 Rc3 35.Nb5 Rxa3 36.Nxa3 Rf7
37.Rc2 Qd8 38.Qe6+ Kf8 39.Rc8  1-0

[Event "Golden Cleopatra"]
[Site "Cairo EGY"]
[Date "2003.06.09"]
[Round "8"]
[White "Sarwat,W"]
[Black "Abdel Aziem,R"]
[Result "0-1"]
[WhiteElo "2333"]
[BlackElo "2269"]

1.e4 c5 2.Nf3 Nc6 3.Bb5 g6 4.O-O Bg7 5.c3 a6 6.Ba4 e5 7.d3 Nge7 8.Be3 d6
9.h3 O-O 10.Qc1 f5 11.Bb3+ Kh8 12.Ng5 f4 13.Bd2 Qe8 14.Ne6 Bxe6 15.Bxe6 h5
16.h4 Rf6 17.Bh3 Bh6 18.Na3 g5 19.hxg5 Bxg5 20.Nc2 Qf7 21.b4 Rg6 22.Qd1 f3
23.Ne1 Bxd2 24.Qxd2 cxb4 25.cxb4 Rag8 26.Kh1 fxg2+ 27.Nxg2 Qf6 28.Rab1 Nd4
29.f4 Rg3 30.fxe5 Rxh3+ 31.Kg1 Ne2+ 32.Qxe2 Qh4  0-1

[Event "IHEM"]
[Site "Hamburg GER"]
[Date "2003.06.10"]
[Round "4"]
[White "Sprenger,J"]
[Black "Lindinger,M"]
[Result "0-1"]
[WhiteElo "2431"]
[BlackElo "2304"]

1.e4 c5 2.Nf3 Nc6 3.Bb5 Nf6 4.Nc3 Qc7 5.O-O Nd4 6.Nxd4 cxd4 7.Ne2 Nxe4 8.Nxd4 e6
9.Re1 Nf6 10.Nf3 Be7 11.d4 O-O 12.Bg5 d6 13.Bd3 b6 14.c4 Bb7 15.Rc1 h6 16.Bf4 Rfc8
17.Qe2 Bf8 18.Rc3 Qd8 19.Bb1 Nh5 20.Bd2 Qf6 21.Be4 Bxe4 22.Qxe4 Qd8 23.d5 Nf6
24.Qd3 exd5 25.cxd5 Rc5 26.Be3 Rxd5 27.Bd4 Qd7 28.Qc2 Re8 29.Rxe8 Nxe8 30.h3 Be7
31.Re3 Bf6 32.Qe2 Kf8 33.Bxf6 Nxf6 34.Kh2 Rc5 35.Nd4 d5 36.Nb3 Rc4 37.g3 Qf5
38.Re5 Rc2 39.Rxf5 Rxe2 40.Nd4 Rxb2 41.Rf3 Rxa2  0-1

[Event "IV Open"]
[Site "Lido Estensi ITA"]
[Date "2003.06.10"]
[Round "4"]
[White "Opacic,A"]
[Black "Isonzo,D"]
[Result "1/2-1/2"]
[WhiteElo "2063"]
[BlackElo "2340"]

1.e4 c5 2.Nf3 Nc6 3.Bb5 Nf6 4.e5 Nd5 5.O-O g6 6.Re1 Bg7 7.Nc3 Nc7 8.Bxc6 dxc6
9.d3 O-O 10.h3 Ne6 11.Ne2 b6 12.a4 a5 13.Nf4 Ra7 14.Nxe6 Bxe6 15.b3 Rd7 16.Qe2 Bd5
17.Nd2 f5 18.f4 h6 19.Nf3 Be6  1/2-1/2

[Event "5th ZNG111 GM"]
[Site "Opatija CRO"]
[Date "2003.06.10"]
[Round "4"]
[White "Janev,E"]
[Black "Ljubicic,F"]
[Result "1/2-1/2"]
[WhiteElo "2456"]
[BlackElo "2406"]

1.e4 c5 2.Nf3 Nc6 3.Bb5 Na5 4.O-O a6 5.Be2 d6 6.c3 Nf6 7.d4 Bg4 8.d5 b6 9.h3 Bxf3
10.Bxf3 g6 11.Bf4 Bg7 12.e5 dxe5 13.Bxe5 O-O 14.d6 Ra7 15.dxe7 Rxe7 16.Bf4 Rd7
17.Qc1 Nd5 18.Na3 b5 19.Rd1 b4 20.cxb4 cxb4 21.Nc4 Nxc4 22.Qxc4 Nxf4 23.Qxf4 Bxb2
24.Rxd7 Qxd7 25.Rd1 Qe7 26.Qc4 a5 27.g3 Qe6 28.Qb3 Bc3 29.Kg2 Qxb3 30.axb3 a4
31.bxa4 b3 32.Be4 b2 33.Kf3 Rb8 34.Ke2 Rb4 35.Bc2 Rb6 36.f4 Kf8 37.Bb1 Rc6
38.Rd3 Rc5 39.Rd8+ Ke7 40.Rb8 Rc7 41.Rb5 h5 42.Bd3 Kd6 43.g4 Re7+ 44.Kf3 hxg4+
45.hxg4 Re1 46.Kf2 Ra1 47.a5 Ra4 48.Ke3 Ra2 49.a6 Rxa6 50.Rxb2 Bxb2  1/2-1/2

[Event "IEWCC"]
[Site "Istanbul TUR"]
[Date "2003.06.11"]
[Round "8"]
[White "Zimina,O"]
[Black "Cmilyte,V"]
[Result "1/2-1/2"]
[WhiteElo "2358"]
[BlackElo "2430"]

1.e4 c5 2.Nf3 Nc6 3.Bb5 g6 4.O-O Bg7 5.Re1 e5 6.Bxc6 dxc6 7.d3 Qe7 8.a3 Nf6
9.b4 O-O 10.Nbd2 Be6 11.Bb2 Nd7 12.Nc4 Bxc4 13.dxc4 Rfd8 14.b5 Qe6 15.Qe2 Nb6
16.bxc6 bxc6 17.Bc3 Rd7 18.a4 f6 19.Nd2 Bh6 20.Nb3 Bf8 21.Nd2 Bh6 22.Nb3 Bf8
23.a5 Nxc4 24.Ra4 Na3 25.Rxa3 c4 26.Nc5 Bxc5 27.Ra4 Rb8 28.Qxc4 Qxc4 29.Rxc4 Rb5
30.Kf1 a6 31.g3 Kf7 32.f4  1/2-1/2

[Event "FSFMA June"]
[Site "Budapest HUN"]
[Date "2003.06.12"]
[Round "6"]
[White "Kubacsny,V"]
[Black "Pg,MOAHira"]
[Result "1/2-1/2"]
[WhiteElo "2188"]
[BlackElo "2200"]

1.e4 c5 2.Nf3 Nc6 3.Bb5 e6 4.O-O Nge7 5.Re1 a6 6.Bf1 Ng6 7.c3 d5 8.exd5 Qxd5
9.d4 cxd4 10.cxd4 Be7 11.Nc3 Qh5 12.Be2 Qa5 13.d5 exd5 14.Nxd5 O-O 15.Nxe7+ Ncxe7
16.Bd2 Qb6 17.Bc3 Rd8 18.Bd4 Qd6 19.Qb3 Be6 20.Bc4 Bxc4 21.Qxc4 Rac8 22.Qb3 b5
23.Rad1 Qc6 24.Bc3 Nf5 25.Ng5 Qb7 26.Ba5 Rxd1 27.Rxd1 Nfh4 28.f3 Qa7+ 29.Kf1 Nf5
30.Bb6 Qe7 31.Ne4 Ne5 32.Qd5 Nc4 33.Qxf5 Nxb6 34.Nc3 Re8 35.Ne4 Nc4 36.Re1 Nd2+
37.Kg1 Qa7+ 38.Kh1 Nxe4 39.Rxe4 Rd8 40.h4 Rd1+ 41.Kh2 Qc7+ 42.f4 Qd8 43.Qg4 Rd2
44.f5 h5 45.Qf4 Rxb2 46.Rd4 Qe7 47.Re4 Qf6 48.a4 bxa4 49.Rxa4 Qc6 50.Re4 a5
51.Kh3 a4 52.f6 Qxf6 53.Qxf6 gxf6 54.Rxa4  1/2-1/2

[Event "IHEM"]
[Site "Hamburg GER"]
[Date "2003.06.12"]
[Round "6"]
[White "Maahs,E"]
[Black "Mandelbaum,P"]
[Result "0-1"]
[WhiteElo "2180"]
[BlackElo "2191"]

1.e4 c5 2.Nf3 Nc6 3.Bb5 g6 4.d4 cxd4 5.Bxc6 dxc6 6.Qxd4 Qxd4 7.Nxd4 e5 8.Nf3 f6
9.Be3 Nh6 10.h3 Nf7 11.Nbd2 Be6 12.Nb3 Bh6 13.Bxh6 Nxh6 14.Nc5 Bc8 15.O-O-O Nf7
16.Nd2 b6 17.Nd3 Ke7 18.Nf1 Nd6 19.f3 a5 20.Ne3 Ba6 21.Rhf1 Rad8 22.Rf2 Rd7
23.g4 Nf7 24.f4 Bxd3 25.Rxd3 Rxd3 26.cxd3 exf4 27.Nc4 Ne5 28.Kc2 Nxc4 29.dxc4 g5
30.h4 h5 31.hxg5 fxg5 32.gxh5 Rxh5 33.c5 b5 34.Kd3 Ke6 35.Kd4 Rh1 36.Rg2 f3
37.Rf2 g4 38.Ke3 g3  0-1

[Event "Master Open"]
[Site "Voronezh RUS"]
[Date "2003.06.14"]
[Round "3"]
[White "Alavkin,A"]
[Black "Gasanov,E"]
[Result "0-1"]
[WhiteElo "2482"]
[BlackElo "2396"]

1.e4 c5 2.Nf3 Nc6 3.Bb5 d6 4.Bxc6+ bxc6 5.O-O e5 6.Re1 Be7 7.c3 f5 8.Qa4 fxe4
9.Qxc6+ Bd7 10.Qxe4 Nf6 11.Qc2 e4 12.Rxe4 Nxe4 13.Qxe4 O-O 14.d4 Qe8 15.Nbd2 Qf7
16.dxc5 dxc5 17.Nc4 Bf5 18.Qe2 Rad8 19.Nce5 Qd5 20.Bg5 Rfe8 21.Bxe7 Rxe7
22.Qc4 Qxc4 23.Nxc4 Re2 24.h3 Be6 25.Nfe5 Rf8 26.f3 Rf5 27.Rd1 Rfxe5 28.Rd8+ Kf7
29.Nxe5+ Rxe5 30.Ra8 Re1+ 31.Kf2 Ra1 32.Rxa7+ Kf6 33.Ra5 Rxa2 34.Rxc5 Rxb2+
35.Kg3 g5 36.Kh2 h5 37.Kg3 h4+ 38.Kh2 Bf5 39.Rc6+ Be6 40.Rc5 Rc2 41.Kg1 Bf5
42.Kh2 Bd3 43.Kg1 Kg6 44.Rc8 Kf5 45.Rd8 Rxc3 46.Rd5+ Kf4 47.Rd4+ Ke3 48.Rd5 Kf4
49.Rd4+ Ke5 50.Rg4 Kf5 51.Rd4 Rc1+ 52.Kh2 Bc4 53.Rg4 Bf1 54.Kg1 Ba6+ 55.Kh2 Rc4
56.g3 Rc2+ 57.Kg1 hxg3 58.Rxg3 Bc8 59.Rg4 Kf6 60.Rg2 Rc3 61.Kf2 Bxh3 62.Rg1 Bd7
63.Rg3 Kf5 64.Rg4 Bc6 65.Rg3 Bd5 66.Ke2 Rb3 67.Kf2 Kf6  0-1

[Event "FSIM June"]
[Site "Budapest HUN"]
[Date "2003.06.15"]
[Round "9"]
[White "Werner,Di"]
[Black "Banusz,T"]
[Result "1-0"]
[WhiteElo "2359"]
[BlackElo "2259"]

1.e4 c5 2.Nf3 Nc6 3.Bb5 g6 4.O-O Bg7 5.Re1 Nf6 6.e5 Nd5 7.Nc3 Nc7 8.Bc4 O-O
9.d3 Ne6 10.a3 Ned4 11.Bf4 d6 12.exd6 exd6 13.Nxd4 Nxd4 14.Qd2 Be6 15.Nd5 Qd7
16.c3 Nc6 17.Bg5 Bxd5 18.Bxd5 Rfe8 19.h3 Re5 20.Rxe5 dxe5 21.Ba2 Kh8 22.Rd1 f6
23.Be3 b6 24.b4 Qd6 25.Qc2 Rd8 26.bxc5 bxc5 27.Qa4 Bf8 28.Rb1 Ne7 29.Qxa7 Qxd3
30.Bxc5 Rd7 31.Qb8 Rd8 32.Qb3  1-0

[Event "IV Open"]
[Site "Lido Estensi ITA"]
[Date "2003.06.15"]
[Round "9"]
[White "Radovanovic,J"]
[Black "Gandolfi,G"]
[Result "1-0"]
[WhiteElo "2233"]
[BlackElo "2013"]

1.e4 c5 2.Nf3 Nc6 3.Bb5 g6 4.Bxc6 dxc6 5.d3 Bg7 6.h3 Nf6 7.Nc3 b5 8.Be3 Nd7
9.Qd2 Qa5 10.Bh6 O-O 11.h4 f6 12.e5 Nxe5 13.Nxe5 fxe5 14.Bxg7 Kxg7 15.h5 Bf5
16.Qe3 b4 17.Qxe5+ Kg8 18.Ne4 b3+ 19.c3 bxa2 20.h6 Rf7 21.Ng5 Raf8 22.Nxf7 Rxf7
23.Qb8+ Rf8 24.Qb3+ e6 25.O-O Qc7 26.Qxa2 Qf4 27.Qxa7 Qxh6 28.Qxc5 Bxd3 29.Rfe1 Qh4
30.Rxe6 Bc4 31.Rxc6  1-0

[Event "Master Open"]
[Site "Voronezh RUS"]
[Date "2003.06.17"]
[Round "5"]
[White "Deviatkin,A"]
[Black "Reshetnikov,A"]
[Result "1-0"]
[WhiteElo "2526"]
[BlackElo "2304"]

1.e4 c5 2.Nf3 Nc6 3.Bb5 e6 4.O-O Nge7 5.c3 a6 6.Ba4 b5 7.Bc2 Bb7 8.Qe2 Ng6
9.d4 cxd4 10.cxd4 Be7 11.Nc3 O-O 12.Be3 Na5 13.Rad1 Nc4 14.Bc1 Qc7 15.g3 Rfc8
16.Bd3 Qa5 17.h4 b4 18.Nb1 Qxa2 19.Nbd2 Nxd2 20.Nxd2 Qa5 21.f4 Qb6 22.Nf3 a5
23.h5 Nf8 24.h6 g6 25.f5 Ba6 26.Be3 Bxd3 27.Qxd3 Qa6 28.Qd2 b3 29.d5 exf5
30.d6 Bf6 31.exf5 Rc2 32.Qd5 Qc6 33.fxg6 hxg6 34.Qxb3 Rxb2 35.Qxf7+ Kxf7
36.Ne5+ Ke6 37.Nxc6 Re2 38.Nd4+ Bxd4 39.Bxd4 Kxd6 40.Bg7+ Ke7 41.Rxf8 Rxf8
42.h7 Ref2 43.h8=Q Rxh8 44.Kxf2 Rh2+ 45.Kf3 Rc2 46.Ra1 Rc5 47.Bd4 Rc4 48.Ke4 a4
49.Kd5  1-0

[Event "LXVII ch-CRC"]
[Site "Cenfotec CRC"]
[Date "2003.06.18"]
[Round "6"]
[White "Bermudez,S"]
[Black "Charpentier,W"]
[Result "1/2-1/2"]
[WhiteElo "2160"]
[BlackElo "2210"]

1.e4 c5 2.Nf3 Nc6 3.Bb5 g6 4.O-O Bg7 5.Re1 e6 6.c3 Nge7 7.d3 O-O 8.Be3 b6
9.Qd2 d5 10.Bg5 Qc7 11.e5 f6 12.exf6 Bxf6 13.d4 cxd4 14.Bxf6 Rxf6 15.cxd4 Bd7
16.Na3 Raf8 17.Rac1 Qd6 18.Nc2 Rf4 19.Re2 Nf5 20.Bxc6 Bxc6 21.Rxe6 Qxe6 22.Qxf4 Nd6
23.Qe5 Qd7 24.Ne3 Ne4 25.h3 h5 26.Rxc6 Qxc6 27.Nxd5 Qc1+ 28.Kh2 Nd2 29.Qe6+ Kg7
30.Qe5+ Kg8 31.Nxd2 Qxd2 32.Nf6+ Kf7 33.Nd7 Qxf2 34.Nxf8 Kxf8 35.d5 Kf7 36.a4 h4
37.d6 Qd2 38.Qe7+ Kg8 39.d7 Qf4+ 40.Kg1 Qc1+ 41.Kf2 Qxb2+ 42.Kf3 Qc3+ 43.Ke2 Qc2+
44.Ke3 Qc3+ 45.Ke2  1/2-1/2

[Event "Master Open"]
[Site "Voronezh RUS"]
[Date "2003.06.20"]
[Round "8"]
[White "Hasangatin,R"]
[Black "Shishkin,Va"]
[Result "1-0"]
[WhiteElo "2517"]
[BlackElo "2449"]

1.e4 c5 2.Nf3 Nc6 3.Bb5 g6 4.O-O Bg7 5.Re1 e5 6.Bxc6 dxc6 7.d3 Qe7 8.a3 Nf6
9.b4 O-O 10.bxc5 Nd7 11.a4 Nxc5 12.Ba3 Rd8 13.Qd2 Bf8 14.Qc3 Re8 15.a5 Rb8
16.Nbd2 Bg4 17.h3 Bxf3 18.Nxf3 b6 19.axb6 axb6 20.Bxc5 Qxc5 21.Qxc5 Bxc5
22.Ra7 Bd4 23.Nxd4 exd4 24.f4 c5 25.Kf2 b5 26.Rb1 b4 27.e5 Kf8 28.Kf3 Re7
29.Ra5 Rc8 30.Ke4 f6 31.Rba1 fxe5 32.fxe5 c4 33.Ra8 Rc7 34.Kxd4 cxd3 35.cxd3 b3
36.Rxc8+ Rxc8 37.Rb1 Rd8+ 38.Kc4 Rc8+ 39.Kxb3 Ke7 40.Ra1 Ke6 41.Ra5 h5 42.d4 g5
43.Rc5 Rb8+ 44.Kc4 Rb2 45.g4 hxg4 46.hxg4 Rc2+ 47.Kb5 Rg2 48.Rc6+ Ke7 49.d5 Rxg4
50.Rc7+ Kf8 51.d6 Rd4 52.Kc5 Rd1 53.e6  1-0